Statistics for Word Scrabble - Animals

Click here to take the quiz!

General Stats

  • This quiz has been taken 77 times
  • The average score is 13 of 15

Answer Stats

HintAnswer% Correct
LnioLion
100%
WahelWhale
99%
EpaApe
97%
OdgDog
97%
OwcCow
96%
EhepsSheep
94%
RbdiBird
91%
KarshShark
91%
RgteiTiger
91%
ElidcorcoCrocodile
88%
KomnyeMonkey
88%
AmlecCamel
86%
UignenpPenguin
84%
GalliaortAlligator
83%
Gnaro-NutaOrang-Utan
62%

Score Distribution

Percentile by Number Answered

Percent of People with Each Score

Your Score History

You have not taken this quiz